Riadenie rizík v procese fúzií a akvizícií podnikov

Fúzia, akvizícia dobrovoľná a nedobrovoľná - pojmy. Fázy fúzie a akvizície. Vývoj v oblasti fúzií a akvizícií v období 2007-2013. Riziká spojené s fúziami a akvizíciami. Nevyhnutnosť ich dôkladných analýz a následných opatrení na zvýšenie pravdepodobnosti úspechu, či už fúzie alebo akvizície.

Saved in:
Bibliographic Details
Main Author: Zuzik, Jozef, 1985-
Other Authors: Labant, Slavomír, Naščáková, Jana
Format: Book Chapter
Language:Slovak
Subjects:
Tags: Add Tag
No Tags, Be the first to tag this record!

MARC

LEADER 00000nla a2200000 4500
001 0195015
005 20240502073253.3
041 0 |a slo 
044 |a SK 
245 1 0 |a Riadenie rizík v procese fúzií a akvizícií podnikov  |c Jozef Zuzik, Slavomír Labant, Jana Naščáková 
520 |a Fúzia, akvizícia dobrovoľná a nedobrovoľná - pojmy. Fázy fúzie a akvizície. Vývoj v oblasti fúzií a akvizícií v období 2007-2013. Riziká spojené s fúziami a akvizíciami. Nevyhnutnosť ich dôkladných analýz a následných opatrení na zvýšenie pravdepodobnosti úspechu, či už fúzie alebo akvizície. 
610 2 0 |a fúzie 
610 2 0 |a akvizícia 
610 2 0 |a podnik 
610 2 0 |a riadenie rizík 
100 1 |a Zuzik, Jozef, 1985- 
700 1 |a Labant, Slavomír 
700 1 |a Naščáková, Jana